000 00539nam a2200193 i 4500
001 128205
003 ES-MaACL
005 20230906193208.0
007 t|
008 070625s2005 sp ||||1| spa d
100 1 _aZimnik, Reiner.
_9118283
245 1 4 _aLos tambores /
_cReiner Zimnik.
260 _a[Barcelona :
_bLumen,
_c1972] (
_fLeopoldo Martínez)
300 _a73 p. ;
_c19 cm.
490 1 _aPalabra Menor ;
_v7
830 0 _aPalabra Menor ;
_v7
_9179513
852 _aES-MaACL
_jC-47621
_bR.81753
999 _c128205
_d128205